000 00311nam a2200097Ia 4500
005 20250424112909.0
008 250424s9999 xx 000 0 und d
300 _aiv, 854 p. :ill. ; 28 cm.
650 _a Alternative medicine--Periodicals. Complementary Therapies. Alternative medicine.
942 _cSR
999 _c37754
_d37754